[Event "San Francisco TNM Summer op"]
[Site "San Francisco"]
[Date "2016.06.28"]
[Round "6"]
[White "Viswanath, Ganesh"]
[Black "Sun, James"]
[Result "0-1"]
[WhiteElo "2082"]
[BlackElo "2270"]
[PlyCount "92"]
[EventDate "2016.05.24"]
[EventType "swiss"]
[EventRounds "8"]
[EventCountry "USA"]
[SourceTitle "EXT 2018"]
[Source "ChessBase"]
[SourceDate "2017.10.13"]
[SourceVersion "1"]
[SourceVersionDate "2017.10.13"]
[SourceQuality "1"]

1. d4 Nf6 2. Nf3 c5 3. d5 b5 4. Bg5 d6 5. Bxf6 exf6 6. e4 a6 7. a4 b4 8. a5 Qe7 9. Bd3 g6 10. 0-0 Nd7 11. c3 bxc3 12. Nxc3 Bg7 13. Nd2 Ne5 14. Be2 0-0 15. Re1 Rb8 16. Na4 Rb4 17. Ra2 f5 18. exf5 Bxf5 19. Bxa6 Qa7 20. Qe2 Ra8 21. Nb6 Qxa6 22. Nxa8 Qxa8 23. Nf3 Qxd5 24. Ra3 Rxb2 25. Qd1 Qxd1 26. Rxd1 Nxf3+ 27. gxf3 Bd4 28. a6 Rb8 29. Kg2 Kf8 30. Rd2 Ke7 31. a7 Ra8 32. Ra6 Kd7 33. Rda2 Kc7 34. R6a5 Bd7 35. Ra6 Be6 36. Rd2 Bc4 37. Ra4 Bb5 38. Ra3 Kb6 39. Rda2 Bc4 40. Rc2 Bd5 41. Rc1 h5 42. Rb1+ Kc7 43. h4 Be5 44. Rd1 Bc6 45. Rb1 c4 46. Ra6 Bd4 0-1

[Event "San Francisco TNM Summer op"]
[Site "San Francisco"]
[Date "2016.06.21"]
[Round "5"]
[White "Sun, James"]
[Black "Winslow, Elliott C"]
[Result "0-1"]
[WhiteElo "2270"]
[BlackElo "2330"]
[PlyCount "102"]
[EventDate "2016.05.24"]
[EventType "swiss"]
[EventRounds "8"]
[EventCountry "USA"]
[SourceTitle "EXT 2018"]
[Source "ChessBase"]
[SourceDate "2017.10.13"]
[SourceVersion "1"]
[SourceVersionDate "2017.10.13"]
[SourceQuality "1"]

1. e4 c5 2. Nf3 d6 3. d4 cxd4 4. Nxd4 Nf6 5. Nc3 a6 6. Bg5 e6 7. f4 Be7 8. Qf3 h6 9. Bh4 Nbd7 10. 0-0-0 Qc7 11. Be2 g5 12. fxg5 Ne5 13. Qe3 Nfd7 14. Nf3 Qd8 15. Bg3 Nxf3 16. gxf3 Bxg5 17. f4 Be7 18. Kb1 Qc7 19. e5 d5 20. f5 Nb6 21. Bh5 Qc6 22. Ne2 Bc5 23. Nd4 Bxd4 24. Qxd4 Bd7 25. Bh4 Rc8 26. Rc1 Rf8 27. b3 exf5 28. e6 Bxe6 29. Qf6 Qd6 30. Rhe1 Kd7 31. c4 dxc4 32. Red1 Nd5 33. Qd4 cxb3 34. axb3 Rxc1+ 35. Rxc1 Rc8 36. Rxc8 Kxc8 37. Bf3 f4 38. Kb2 Kd7 39. Qh8 Kc7 40. Be4 Ne3 41. Bf6 Qd2+ 42. Ka3 Qc1+ 43. Bb2 Qc5+ 44. Ka2 Bxb3+ 45. Kxb3 Qc4+ 46. Ka3 Qxe4 47. Bc3 Nc4+ 48. Kb3 b5 49. Kb4 Nb6+ 50. Kb3 Qb1+ 51. Bb2 Nc4 0-1